<?xml version="1.0" encoding="UTF-8"?>
<record
    xmlns:xsi="http://www.w3.org/2001/XMLSchema-instance"
    xsi:schemaLocation="http://www.loc.gov/MARC21/slim http://www.loc.gov/standards/marcxml/schema/MARC21slim.xsd"
    xmlns="http://www.loc.gov/MARC21/slim">

  <leader>00891cam a2200241 i 4500</leader>
  <datafield tag="999" ind1=" " ind2=" ">
    <subfield code="c">76924</subfield>
    <subfield code="d">314201</subfield>
  </datafield>
  <controlfield tag="003">SA-RiAUC</controlfield>
  <controlfield tag="005">20190711142548.0</controlfield>
  <controlfield tag="008">071024s2019    ua     g      00000 ara c</controlfield>
  <datafield tag="020" ind1=" " ind2=" ">
    <subfield code="a">9789773689544</subfield>
  </datafield>
  <datafield tag="040" ind1=" " ind2=" ">
    <subfield code="a">Ma-un</subfield>
    <subfield code="b">ara</subfield>
  </datafield>
  <datafield tag="082" ind1="0" ind2="4">
    <subfield code="a">658.4012</subfield>
    <subfield code="2">21</subfield>
    <subfield code="b">&#x635; &#x62D; &#x645;</subfield>
  </datafield>
  <datafield tag="100" ind1=" " ind2=" ">
    <subfield code="a">&#x627;&#x644;&#x635;&#x64A;&#x631;&#x641;&#x64A;&#x60C; &#x62D;&#x627;&#x632;&#x645; &#x645;&#x62D;&#x645;&#x62F;</subfield>
    <subfield code="9">73205</subfield>
  </datafield>
  <datafield tag="245" ind1="1" ind2="0">
    <subfield code="a">&#x645;&#x642;&#x62F;&#x645;&#x629; &#x641;&#x64A; &#x627;&#x644;&#x625;&#x62F;&#x627;&#x631;&#x629; &#x627;&#x644;&#x627;&#x633;&#x62A;&#x631;&#x627;&#x62A;&#x64A;&#x62C;&#x64A;&#x629; /</subfield>
    <subfield code="c">&#x62D;&#x627;&#x632;&#x645; &#x645;&#x62D;&#x645;&#x62F; &#x627;&#x644;&#x635;&#x64A;&#x631;&#x641;&#x64A;.</subfield>
  </datafield>
  <datafield tag="260" ind1=" " ind2=" ">
    <subfield code="a">&#x627;&#x644;&#x625;&#x633;&#x643;&#x646;&#x62F;&#x631;&#x64A;&#x629;&#x60C; &#x645;&#x635;&#x631; :</subfield>
    <subfield code="b">&#x645;&#x624;&#x633;&#x633;&#x629; &#x62D;&#x648;&#x631;&#x633; &#x627;&#x644;&#x62F;&#x648;&#x644;&#x64A;&#x629;&#x60C;</subfield>
    <subfield code="c">2019</subfield>
    <subfield code="m">1440</subfield>
  </datafield>
  <datafield tag="300" ind1=" " ind2=" ">
    <subfield code="a">231 &#x635;. &#x61B;</subfield>
    <subfield code="c">24 &#x633;&#x645;</subfield>
  </datafield>
  <datafield tag="504" ind1=" " ind2=" ">
    <subfield code="a">&#x64A;&#x634;&#x62A;&#x645;&#x644; &#x639;&#x644;&#x649; &#x642;&#x627;&#x626;&#x645;&#x629; &#x628;&#x628;&#x644;&#x64A;&#x648;&#x62C;&#x631;&#x627;&#x641;&#x64A;&#x629;.</subfield>
  </datafield>
  <datafield tag="650" ind1=" " ind2="7">
    <subfield code="a">&#x627;&#x644;&#x625;&#x62F;&#x627;&#x631;&#x629; &#x627;&#x644;&#x627;&#x633;&#x62A;&#x631;&#x627;&#x62A;&#x64A;&#x62C;&#x64A;&#x629;</subfield>
    <subfield code="9">73206</subfield>
  </datafield>
  <datafield tag="650" ind1=" " ind2="7">
    <subfield code="a">&#x625;&#x62F;&#x627;&#x631;&#x629; &#x627;&#x644;&#x623;&#x639;&#x645;&#x627;&#x644;</subfield>
    <subfield code="9">73207</subfield>
  </datafield>
  <datafield tag="650" ind1=" " ind2="7">
    <subfield code="a">&#x625;&#x62F;&#x627;&#x631;&#x629; &#x627;&#x644;&#x623;&#x641;&#x631;&#x627;&#x62F;</subfield>
    <subfield code="9">73208</subfield>
  </datafield>
  <datafield tag="942" ind1=" " ind2=" ">
    <subfield code="2">ddc</subfield>
    <subfield code="c">BOOK</subfield>
  </datafield>
  <datafield tag="948" ind1=" " ind2=" ">
    <subfield code="a">12 / 11 / 2002.</subfield>
  </datafield>
  <datafield tag="949" ind1=" " ind2=" ">
    <subfield code="a">SA-RiPNU</subfield>
    <subfield code="n">1</subfield>
    <subfield code="d">2019/7/11</subfield>
    <subfield code="u">pnuone</subfield>
  </datafield>
  <datafield tag="952" ind1=" " ind2=" ">
    <subfield code="1">0</subfield>
    <subfield code="2">2019-07-11</subfield>
    <subfield code="4">0</subfield>
    <subfield code="7">0</subfield>
    <subfield code="U">2019-07-11</subfield>
    <subfield code="a">658.4012 &#x635; &#x62D; &#x645;</subfield>
    <subfield code="d">2019-07-11</subfield>
    <subfield code="h">CL</subfield>
    <subfield code="i">00254875</subfield>
    <subfield code="m">CL</subfield>
    <subfield code="r">2019-07-11 00:00:00</subfield>
    <subfield code="t">BOOK</subfield>
    <subfield code="w">ddc</subfield>
    <subfield code="y">0</subfield>
  </datafield>
  <datafield tag="952" ind1=" " ind2=" ">
    <subfield code="1">0</subfield>
    <subfield code="2">2019-07-11</subfield>
    <subfield code="4">0</subfield>
    <subfield code="7">0</subfield>
    <subfield code="U">2019-07-11</subfield>
    <subfield code="a">658.4012 &#x635; &#x62D; &#x645;</subfield>
    <subfield code="d">2019-07-11</subfield>
    <subfield code="h">CL</subfield>
    <subfield code="i">00254876</subfield>
    <subfield code="m">CL</subfield>
    <subfield code="r">2019-07-11 00:00:00</subfield>
    <subfield code="t">BOOK</subfield>
    <subfield code="w">ddc</subfield>
    <subfield code="y">0</subfield>
  </datafield>
  <datafield tag="952" ind1=" " ind2=" ">
    <subfield code="1">0</subfield>
    <subfield code="2">2019-07-11</subfield>
    <subfield code="4">0</subfield>
    <subfield code="7">0</subfield>
    <subfield code="U">2019-07-11</subfield>
    <subfield code="a">658.4012 &#x635; &#x62D; &#x645;</subfield>
    <subfield code="d">2019-07-11</subfield>
    <subfield code="h">CL</subfield>
    <subfield code="i">00254877</subfield>
    <subfield code="m">CL</subfield>
    <subfield code="r">2019-07-11 00:00:00</subfield>
    <subfield code="t">BOOK</subfield>
    <subfield code="w">ddc</subfield>
    <subfield code="y">0</subfield>
  </datafield>
  <datafield tag="952" ind1=" " ind2=" ">
    <subfield code="1">0</subfield>
    <subfield code="2">2019-07-14</subfield>
    <subfield code="4">0</subfield>
    <subfield code="7">0</subfield>
    <subfield code="U">2019-07-14</subfield>
    <subfield code="a">658.4012 &#x635; &#x62D; &#x645;</subfield>
    <subfield code="d">2019-07-14</subfield>
    <subfield code="h">IC</subfield>
    <subfield code="i">00255070</subfield>
    <subfield code="m">IC</subfield>
    <subfield code="r">2019-07-14 00:00:00</subfield>
    <subfield code="t">BOOK</subfield>
    <subfield code="w">ddc</subfield>
    <subfield code="y">0</subfield>
  </datafield>
  <datafield tag="952" ind1=" " ind2=" ">
    <subfield code="1">0</subfield>
    <subfield code="2">2019-07-14</subfield>
    <subfield code="4">0</subfield>
    <subfield code="7">0</subfield>
    <subfield code="U">2019-07-14</subfield>
    <subfield code="a">658.4012 &#x635; &#x62D; &#x645;</subfield>
    <subfield code="d">2019-07-14</subfield>
    <subfield code="h">IC</subfield>
    <subfield code="i">00255071</subfield>
    <subfield code="m">IC</subfield>
    <subfield code="r">2019-07-14 00:00:00</subfield>
    <subfield code="t">BOOK</subfield>
    <subfield code="w">ddc</subfield>
    <subfield code="y">0</subfield>
  </datafield>
  <datafield tag="952" ind1=" " ind2=" ">
    <subfield code="1">0</subfield>
    <subfield code="2">2019-07-14</subfield>
    <subfield code="4">0</subfield>
    <subfield code="7">0</subfield>
    <subfield code="U">2019-07-14</subfield>
    <subfield code="a">658.4012 &#x635; &#x62D; &#x645;</subfield>
    <subfield code="d">2019-07-14</subfield>
    <subfield code="h">IC</subfield>
    <subfield code="i">00255072</subfield>
    <subfield code="m">IC</subfield>
    <subfield code="r">2019-07-14 00:00:00</subfield>
    <subfield code="t">BOOK</subfield>
    <subfield code="w">ddc</subfield>
    <subfield code="y">0</subfield>
  </datafield>
  <datafield tag="952" ind1=" " ind2=" ">
    <subfield code="1">0</subfield>
    <subfield code="2">2019-07-14</subfield>
    <subfield code="4">0</subfield>
    <subfield code="7">0</subfield>
    <subfield code="U">2019-07-14</subfield>
    <subfield code="a">658.4012 &#x635; &#x62D; &#x645;</subfield>
    <subfield code="d">2019-07-14</subfield>
    <subfield code="h">IC</subfield>
    <subfield code="i">00255073</subfield>
    <subfield code="m">IC</subfield>
    <subfield code="r">2019-07-14 00:00:00</subfield>
    <subfield code="t">BOOK</subfield>
    <subfield code="w">ddc</subfield>
    <subfield code="y">0</subfield>
  </datafield>
  <datafield tag="952" ind1=" " ind2=" ">
    <subfield code="1">0</subfield>
    <subfield code="2">2019-07-14</subfield>
    <subfield code="4">0</subfield>
    <subfield code="7">0</subfield>
    <subfield code="U">2019-07-14</subfield>
    <subfield code="a">658.4012 &#x635; &#x62D; &#x645;</subfield>
    <subfield code="d">2019-07-14</subfield>
    <subfield code="h">SRF</subfield>
    <subfield code="i">00255074</subfield>
    <subfield code="m">SRF</subfield>
    <subfield code="r">2019-07-14 00:00:00</subfield>
    <subfield code="t">BOOK</subfield>
    <subfield code="w">ddc</subfield>
    <subfield code="y">0</subfield>
  </datafield>
  <datafield tag="952" ind1=" " ind2=" ">
    <subfield code="1">0</subfield>
    <subfield code="2">2019-07-14</subfield>
    <subfield code="4">0</subfield>
    <subfield code="7">0</subfield>
    <subfield code="U">2019-07-14</subfield>
    <subfield code="a">658.4012 &#x635; &#x62D; &#x645;</subfield>
    <subfield code="d">2019-07-14</subfield>
    <subfield code="h">SRF</subfield>
    <subfield code="i">00255075</subfield>
    <subfield code="m">SRF</subfield>
    <subfield code="r">2019-07-14 00:00:00</subfield>
    <subfield code="t">BOOK</subfield>
    <subfield code="w">ddc</subfield>
    <subfield code="y">0</subfield>
  </datafield>
  <datafield tag="952" ind1=" " ind2=" ">
    <subfield code="1">0</subfield>
    <subfield code="2">2019-07-14</subfield>
    <subfield code="4">0</subfield>
    <subfield code="7">0</subfield>
    <subfield code="U">2019-07-14</subfield>
    <subfield code="a">658.4012 &#x635; &#x62D; &#x645;</subfield>
    <subfield code="d">2019-07-14</subfield>
    <subfield code="h">SRM</subfield>
    <subfield code="i">00255076</subfield>
    <subfield code="m">SRM</subfield>
    <subfield code="r">2019-07-14 00:00:00</subfield>
    <subfield code="t">BOOK</subfield>
    <subfield code="w">ddc</subfield>
    <subfield code="y">0</subfield>
  </datafield>
  <datafield tag="952" ind1=" " ind2=" ">
    <subfield code="1">0</subfield>
    <subfield code="2">2019-07-14</subfield>
    <subfield code="4">0</subfield>
    <subfield code="7">0</subfield>
    <subfield code="U">2019-07-14</subfield>
    <subfield code="a">658.4012 &#x635; &#x62D; &#x645;</subfield>
    <subfield code="d">2019-07-14</subfield>
    <subfield code="h">SRM</subfield>
    <subfield code="i">00255077</subfield>
    <subfield code="m">SRM</subfield>
    <subfield code="r">2019-07-14 00:00:00</subfield>
    <subfield code="t">BOOK</subfield>
    <subfield code="w">ddc</subfield>
    <subfield code="y">0</subfield>
  </datafield>
  <datafield tag="952" ind1=" " ind2=" ">
    <subfield code="1">0</subfield>
    <subfield code="2">2019-07-14</subfield>
    <subfield code="4">0</subfield>
    <subfield code="7">0</subfield>
    <subfield code="U">2019-07-14</subfield>
    <subfield code="a">658.4012 &#x635; &#x62D; &#x645;</subfield>
    <subfield code="d">2019-07-14</subfield>
    <subfield code="h">SGF</subfield>
    <subfield code="i">00255078</subfield>
    <subfield code="m">SGF</subfield>
    <subfield code="r">2019-07-14 00:00:00</subfield>
    <subfield code="t">BOOK</subfield>
    <subfield code="w">ddc</subfield>
    <subfield code="y">0</subfield>
  </datafield>
  <datafield tag="952" ind1=" " ind2=" ">
    <subfield code="1">0</subfield>
    <subfield code="2">2019-07-14</subfield>
    <subfield code="4">0</subfield>
    <subfield code="7">0</subfield>
    <subfield code="U">2019-07-14</subfield>
    <subfield code="a">658.4012 &#x635; &#x62D; &#x645;</subfield>
    <subfield code="d">2019-07-14</subfield>
    <subfield code="h">SGF</subfield>
    <subfield code="i">00255079</subfield>
    <subfield code="m">SGF</subfield>
    <subfield code="r">2019-07-14 00:00:00</subfield>
    <subfield code="t">BOOK</subfield>
    <subfield code="w">ddc</subfield>
    <subfield code="y">0</subfield>
  </datafield>
  <datafield tag="952" ind1=" " ind2=" ">
    <subfield code="1">0</subfield>
    <subfield code="2">2019-07-14</subfield>
    <subfield code="4">0</subfield>
    <subfield code="7">0</subfield>
    <subfield code="U">2019-07-14</subfield>
    <subfield code="a">658.4012 &#x635; &#x62D; &#x645;</subfield>
    <subfield code="d">2019-07-14</subfield>
    <subfield code="h">IC</subfield>
    <subfield code="i">00255080</subfield>
    <subfield code="m">IC</subfield>
    <subfield code="r">2019-07-14 00:00:00</subfield>
    <subfield code="t">BOOK</subfield>
    <subfield code="w">ddc</subfield>
    <subfield code="y">0</subfield>
  </datafield>
  <datafield tag="952" ind1=" " ind2=" ">
    <subfield code="1">0</subfield>
    <subfield code="2">2019-07-14</subfield>
    <subfield code="4">0</subfield>
    <subfield code="7">0</subfield>
    <subfield code="U">2019-07-14</subfield>
    <subfield code="a">658.4012 &#x635; &#x62D; &#x645;</subfield>
    <subfield code="d">2019-07-14</subfield>
    <subfield code="h">IC</subfield>
    <subfield code="i">00255081</subfield>
    <subfield code="m">IC</subfield>
    <subfield code="r">2019-07-14 00:00:00</subfield>
    <subfield code="t">BOOK</subfield>
    <subfield code="w">ddc</subfield>
    <subfield code="y">0</subfield>
  </datafield>
  <datafield tag="952" ind1=" " ind2=" ">
    <subfield code="1">0</subfield>
    <subfield code="2">2019-07-14</subfield>
    <subfield code="4">0</subfield>
    <subfield code="7">0</subfield>
    <subfield code="U">2019-07-14</subfield>
    <subfield code="a">658.4012 &#x635; &#x62D; &#x645;</subfield>
    <subfield code="d">2019-07-14</subfield>
    <subfield code="h">SZM</subfield>
    <subfield code="i">00255082</subfield>
    <subfield code="m">SZM</subfield>
    <subfield code="r">2019-07-14 00:00:00</subfield>
    <subfield code="t">BOOK</subfield>
    <subfield code="w">ddc</subfield>
    <subfield code="y">0</subfield>
  </datafield>
  <datafield tag="952" ind1=" " ind2=" ">
    <subfield code="1">0</subfield>
    <subfield code="2">2019-07-14</subfield>
    <subfield code="4">0</subfield>
    <subfield code="7">0</subfield>
    <subfield code="U">2019-07-14</subfield>
    <subfield code="a">658.4012 &#x635; &#x62D; &#x645;</subfield>
    <subfield code="d">2019-07-14</subfield>
    <subfield code="h">SZM</subfield>
    <subfield code="i">00255083</subfield>
    <subfield code="m">SZM</subfield>
    <subfield code="r">2019-07-14 00:00:00</subfield>
    <subfield code="t">BOOK</subfield>
    <subfield code="w">ddc</subfield>
    <subfield code="y">0</subfield>
  </datafield>
</record>
